[Event "Bayer. Damen ch 2008"]
[Site "Bad Neustadt /Saale"]
[Date "2008.09.04"]
[Round "7.2"]
[White "Heyne, Regina"]
[Black "Stegmaier, Erika"]
[Result "1-0"]
[WhiteElo "1758"]
[BlackElo "1585"]
[PlyCount "74"]
[EventDate "2008.??.??"]
[WhiteTeam "FC Bayern München e.V."]
[BlackTeam "1.Schachklub Neuperlach e.V."]

1. d4 Nf6 2. c4 g6 3. Nc3 Bg7 4. Nf3 d6 5. e4 Bg4 6. h3 Bxf3 7. Qxf3 Nc6 8. Be3
e5 9. dxe5 Nxe5 10. Qd1 O-O 11. Be2 Re8 12. O-O a6 13. Qc2 c6 14. Rfd1 Qc7 15.
Rac1 Rac8 16. b3 Red8 17. Na4 c5 18. Nc3 Qb8 19. Nd5 Nc6 20. Nb6 Nb4 21. Qb1
Rc7 22. Bf4 Ne8 23. a3 Nc6 24. Nd5 Rcd7 25. Bg4 Nd4 26. Bxd7 Rxd7 27. Qd3 b5
28. cxb5 Ne6 29. bxa6 Nxf4 30. Nxf4 Qa7 31. Qb5 Bd4 32. Nd5 Rd8 33. Rc2 Rb8 34.
Qc4 Ra8 35. b4 cxb4 36. Qxd4 Qxa6 37. Qxb4 Rb8 1-0

[Event "Bayer. Damen ch 2008"]
[Site "Bad Neustadt /Saale"]
[Date "2008.09.04"]
[Round "7.3"]
[White "Lorenz, Oda"]
[Black "Zwetz, Anita"]
[Result "1/2-1/2"]
[WhiteElo "1905"]
[BlackElo "1802"]
[PlyCount "78"]
[EventDate "2008.??.??"]
[WhiteTeam "Schachges. Augsburg 1873"]
[BlackTeam "SC Bavaria Regensb.1881"]

1. e4 e6 2. d4 d5 3. exd5 exd5 4. c4 Bb4+ 5. Nc3 c6 6. Bd3 dxc4 7. Bxc4 Nf6 8.
Nge2 Bf5 9. O-O O-O 10. Ng3 Bg6 11. Nce2 h6 12. Qb3 Qe7 13. Qf3 Nbd7 14. Nf4
Bh7 15. Ngh5 Bd6 16. Bd2 Ne4 17. Be3 Ndf6 18. Rfe1 Ng5 19. Qd1 Rae8 20. Bd2 Qd8
21. Rxe8 Rxe8 22. Be3 Be4 23. Ng3 Qc7 24. Nxe4 Rxe4 25. g3 Bxf4 26. gxf4 Nh3+
27. Kf1 Nxf4 28. Qf3 N4h5 29. Qh3 Ng4 $4 30. Qxh5 Nxe3+ 31. fxe3 Rxe3 32. Qf5
Qe7 33. Kg2 g6 34. Qxg6+ Kf8 35. Qxh6+ Ke8 36. Rf1 $2 Qe4+ 37. Kg1 Qg4+ 38. Kh1
Qe4+ 39. Kg1 Qg4+ 1/2-1/2

[Event "Bayer. Damen ch 2008"]
[Site "Bad Neustadt /Saale"]
[Date "2008.09.04"]
[Round "7.4"]
[White "Weiss, Monika"]
[Black "Hartlaub, Marianne"]
[Result "0-1"]
[WhiteElo "1656"]
[BlackElo "1731"]
[PlyCount "116"]
[EventDate "2008.??.??"]
[WhiteTeam "SC Bavaria Regensb.1881"]
[BlackTeam "SK 1982 Klingenberg/Main"]

1. e4 d6 2. d4 Nf6 3. Bd3 e5 4. d5 c6 5. c4 a6 6. Nc3 Be7 7. Nf3 Bg4 8. h3 Bxf3
9. Qxf3 O-O 10. Be3 cxd5 11. exd5 Nbd7 12. O-O Rc8 13. Ne4 $2 Nxe4 14. Qxe4 $2
f5 15. Qf3 e4 16. Bxe4 fxe4 17. Qxe4 Bf6 18. Rab1 Nc5 19. Qc2 b5 20. b3 Re8 21.
Rfe1 Ne4 22. Bf4 Nc3 23. Rbc1 Rxe1+ 24. Rxe1 Nxd5 25. Qe4 Nxf4 26. Qxf4 Be5 27.
Qe4 Rc5 28. f4 Bc3 29. Qe6+ Kf8 30. Rd1 Qb6 31. Kh2 Rc6 32. cxb5 axb5 33. Qf5+
Bf6 34. Qxh7 Qf2 35. Qe4 Ra6 36. Qb7 Qxf4+ 37. Kh1 Rxa2 38. Qxb5 Be5 39. Qb8+
Kf7 40. Qb7+ Kf6 41. Qf3 Qxf3 42. gxf3 g5 43. Kg1 Bh2+ 44. Kf1 Rb2 45. Rd3 Kf5
46. Re3 Be5 47. Ke1 Kf4 48. Rd3 Kg3 49. Kf1 Bf4 50. Ke1 Kxh3 51. Kd1 Kg2 52.
Rc3 Rf2 53. b4 Rxf3 54. Rxf3 Kxf3 55. b5 d5 56. b6 g4 57. b7 g3 58. Ke1 g2 0-1

[Event "Bayer. Damen ch 2008"]
[Site "Bad Neustadt /Saale"]
[Date "2008.09.04"]
[Round "7.5"]
[White "Ludwig, Ines"]
[Black "Neubacher, Doris"]
[Result "0-1"]
[WhiteElo "1763"]
[BlackElo "1838"]
[PlyCount "54"]
[EventDate "2008.??.??"]
[WhiteTeam "SC Mühlhof-Reichelsdorf e.V."]
[BlackTeam "SC 1972 Himmelstadt e.V."]

1. d4 d5 2. e3 Nf6 3. Bd3 Nc6 4. f4 Bg4 5. Nf3 e6 6. c3 Bd6 7. O-O Qe7 8. Qc2
Bxf3 9. Rxf3 O-O-O 10. Nd2 h5 11. e4 dxe4 12. Nxe4 h4 13. Nxd6+ Qxd6 14. Bd2
Nd5 15. Re1 Ndb4 16. Qb1 Nxd3 17. Rxd3 Rh5 18. Qd1 Rdh8 19. Qf3 Rf5 20. g4 hxg3
21. hxg3 Rh3 22. Qe4 Rfh5 23. Kg2 Rh2+ 24. Kf3 R5h3 25. Rg1 f5 26. Qe1 Qd5+ 27.
Qe4 Qxe4# 0-1

[Event "Bayer. Damen ch 2008"]
[Site "Bad Neustadt /Saale"]
[Date "2008.09.05"]
[Round "8.2"]
[White "Neubacher, Doris"]
[Black "Weiss, Monika"]
[Result "1/2-1/2"]
[WhiteElo "1838"]
[BlackElo "1656"]
[PlyCount "50"]
[EventDate "2008.??.??"]
[WhiteTeam "SC 1972 Himmelstadt e.V."]
[BlackTeam "SC Bavaria Regensb.1881"]

1. b3 e5 2. e4 Nf6 3. d3 d6 4. Be2 Be7 5. Nf3 Bg4 6. O-O O-O 7. Bb2 c5 8. c3
Nc6 9. Nbd2 a6 10. Nc4 b5 11. Ne3 Bd7 12. Qd2 h6 13. a3 Be6 14. Bd1 a5 15. Re1
Qb6 16. Rc1 b4 17. Nc4 Bxc4 18. bxc4 bxa3 19. Bxa3 Rab8 20. Ba4 Qc7 21. d4 Nd7
22. d5 Na7 23. Qe2 Rb7 24. h3 Rfb8 25. Bc2 Nc8 1/2-1/2

[Event "Bayer. Damen ch 2008"]
[Site "Bad Neustadt /Saale"]
[Date "2008.09.05"]
[Round "8.3"]
[White "Hartlaub, Marianne"]
[Black "Lorenz, Oda"]
[Result "1-0"]
[WhiteElo "1731"]
[BlackElo "1905"]
[PlyCount "131"]
[EventDate "2008.??.??"]
[WhiteTeam "SK 1982 Klingenberg/Main"]
[BlackTeam "Schachges. Augsburg 1873"]

1. Nf3 Nf6 2. c4 g6 3. b3 Bg7 4. Bb2 O-O 5. g3 c5 6. Bg2 Nc6 7. d3 d6 8. Nbd2
Bd7 9. O-O a6 10. a3 Rc8 11. Rc1 b5 12. Rc2 Qb6 13. Qa1 e5 14. Ng5 Nd4 15. Bxd4
exd4 16. Re1 Rfe8 17. Qd1 Re7 18. Nge4 Ng4 19. h3 Nh6 20. f4 Nf5 21. Nf1 Bc6
22. Kh2 bxc4 23. bxc4 Ba4 24. Rb2 Qa5 25. Qd2 Qc7 26. Reb1 Bc6 27. Rb6 Qa7 28.
g4 Ne3 29. Nxd6 Nxf1+ 30. Rxf1 Qxb6 31. Nxc8 Qc7 32. Nxe7+ Qxe7 33. Bxc6 Qd6
34. Bd5 Bh6 35. Kg2 Qe7 36. Rf2 Bf8 37. f5 g5 38. Rf3 Qf6 39. Rf1 h6 40. Rb1
Qe5 41. Rb7 Be7 42. Bf3 Bd6 43. Kf1 Qg3 44. Bg2 Bf4 45. Qe1 Qe3 46. Bf3 Qe5 47.
Rb6 Bg3 48. Qd2 Bf4 49. Qd1 Be3 50. Kg2 Bf4 51. Rxa6 Bg3 52. Qg1 Kg7 53. a4 Bh4
54. Kf1 Qf4 55. Rc6 Qc1+ 56. Kg2 Qf4 57. Kh1 Qe5 58. a5 Bg3 59. a6 Bf4 60. a7
Be3 61. Qg2 Qe8 62. Ra6 Qc8 63. f6+ Kg8 64. a8=Q h5 65. Qxc8+ Kh7 66. Be4+ 1-0

[Event "Bayer. Damen ch 2008"]
[Site "Bad Neustadt /Saale"]
[Date "2008.09.05"]
[Round "8.4"]
[White "Zwetz, Anita"]
[Black "Heyne, Regina"]
[Result "1-0"]
[WhiteElo "1802"]
[BlackElo "1758"]
[PlyCount "69"]
[EventDate "2008.??.??"]
[WhiteTeam "SC Bavaria Regensb.1881"]
[BlackTeam "FC Bayern München e.V."]

1. d4 d5 2. Bg5 Nf6 3. e3 e6 4. Nf3 Be7 5. Bd3 O-O 6. Nbd2 Nbd7 7. c3 c5 8. Ne5
cxd4 9. exd4 Qc7 10. f4 b6 11. Qe2 Re8 12. Qf2 Nf8 13. g4 a5 14. Rg1 Ba6 15.
Bc2 b5 16. Rg3 h6 17. Bxf6 Bxf6 18. g5 hxg5 19. Ndf3 gxf4 20. Rg4 b4 21. Qd2
bxc3 22. bxc3 Rac8 23. Rc1 Bxe5 24. dxe5 Qc4 25. Kf2 Rc7 26. Rxf4 Qc5+ 27. Nd4
g6 (27... f5 $17) 28. Rf3 Kg7 $4 29. Qf4 (29. Rg1 $18) 29... Qe7 30. Rh3 g5 31.
Rg1 Ng6 32. Rxg5 Rec8 33. Rxg6+ fxg6 34. Qh6+ Kf7 35. Qxg6+ 1-0

[Event "Bayer. Damen ch 2008"]
[Site "Bad Neustadt /Saale"]
[Date "2008.09.05"]
[Round "8.5"]
[White "Stegmaier, Erika"]
[Black "Antusch, Ingrid"]
[Result "1-0"]
[WhiteElo "1585"]
[BlackElo "1832"]
[PlyCount "123"]
[EventDate "2008.??.??"]
[WhiteTeam "1.Schachklub Neuperlach e.V."]
[BlackTeam "SK Gräfelfing"]

1. c4 f5 2. Nc3 Nf6 3. g3 c6 4. e3 e6 5. Bg2 d5 6. cxd5 exd5 7. d4 Bd6 8. Nf3
Nbd7 9. O-O O-O 10. Qb3 Kh8 11. Qc2 Ne4 12. Nxe4 fxe4 13. Nd2 Nf6 14. Nb3 Qe7
15. Bd2 Bd7 16. Nc5 Bc8 17. a3 b6 18. Nb3 Bd7 19. Nc1 c5 20. dxc5 Bxc5 21. b4
Bd6 22. Ne2 Rac8 23. Qb3 Bb5 24. Rfe1 Bc4 25. Qd1 g5 26. Nd4 Qd7 27. Bc3 Kg8
28. h3 h5 29. a4 h4 30. g4 Ne8 31. Nf5 Bb8 32. Bxe4 Nf6 33. Nh6+ Kh8 34. Bxf6+
Rxf6 35. Nf5 Qc7 36. f4 gxf4 37. Qf3 dxe4 38. Qxf4 Qxf4 39. exf4 Bxf4 40. Rxe4
Bg3 41. Rc1 Ba6 42. Rxc8+ Bxc8 43. Re8+ Kh7 44. Rxc8 Re6 45. Nxg3 hxg3 46. Rc7+
Kg6 47. Rxa7 Kg5 48. Rf7 Re2 49. Rf5+ Kg6 50. Rb5 Ra2 51. Rxb6+ Kg5 52. a5 g2
53. Rb5+ Kh4 54. Re5 Kg3 55. Re3+ Kh4 56. Rb3 Kg5 57. b5 Kf4 58. b6 Ra1+ 59.
Kxg2 Ra2+ 60. Kf1 Rh2 61. b7 Rh1+ 62. Kg2 1-0

[Event "Bayer. Damen ch 2008"]
[Site "Bad Neustadt /Saale"]
[Date "2008.09.06"]
[Round "9.2"]
[White "Antusch, Ingrid"]
[Black "Zwetz, Anita"]
[Result "0-1"]
[WhiteElo "1832"]
[BlackElo "1802"]
[PlyCount "80"]
[EventDate "2008.??.??"]
[WhiteTeam "SK Gräfelfing"]
[BlackTeam "SC Bavaria Regensb.1881"]

1. f4 d5 2. d4 Nf6 3. e3 Bg4 4. Nf3 e6 5. Nbd2 Ne4 6. Bd3 f5 7. O-O Nd7 8. Qe1
Be7 9. h3 Bh5 10. Bxe4 fxe4 11. Ne5 Bh4 12. g3 Bf6 13. Qf2 Qe7 14. g4 Bh4 15.
Qg2 Nxe5 16. dxe5 Bf7 17. g5 Bh5 18. Kh2 g6 19. a3 O-O-O 20. c3 h6 21. Rg1 hxg5
22. fxg5 Rdf8 23. Rf1 Bxg5 24. Nb3 Rxf1 25. Qxf1 Bg4 26. Bd2 Bxh3 27. Qxh3
Rxh3+ 28. Kxh3 Qh7+ 29. Kg2 Qh5 30. Nd4 Qg4+ 31. Kh2 c5 32. Nb3 Qe2+ 33. Kh3 c4
34. Nd4 Qxd2 35. Rf1 Qxe3+ 36. Kg2 Bf4 37. Rh1 Qg3+ 38. Kf1 Be3 39. Rh8+ Kc7
40. Rh7+ Kb6 0-1

[Event "Bayer. Damen ch 2008"]
[Site "Bad Neustadt /Saale"]
[Date "2008.09.06"]
[Round "9.3"]
[White "Heyne, Regina"]
[Black "Hartlaub, Marianne"]
[Result "1-0"]
[WhiteElo "1758"]
[BlackElo "1731"]
[PlyCount "103"]
[EventDate "2008.??.??"]
[WhiteTeam "FC Bayern München e.V."]
[BlackTeam "SK 1982 Klingenberg/Main"]

1. d4 d6 2. c4 Nf6 3. Nc3 c6 4. Nf3 Bg4 5. e4 Qa5 6. Qd3 Nbd7 7. Be2 Bxf3 8.
Bxf3 e5 9. O-O Be7 10. a3 O-O 11. b4 Qc7 12. Bb2 Rfe8 13. Rfd1 Bf8 14. Rac1 a6
15. h3 Rad8 16. Qf1 h6 17. d5 Nh7 18. Be2 Ng5 19. Bd3 Nf6 20. Bb1 Qe7 21. Qe2
g6 22. Rd2 Nh5 23. Rcd1 Nf4 24. Qe3 Ngxh3+ 25. gxh3 Qh4 26. Qg3 Qh5 27. Kh2 g5
28. f3 Kh8 29. Qg4 Qg6 30. Rg1 Be7 31. Ne2 f6 32. Nxf4 exf4 33. Qxf4 Qf7 34.
Qf5 Rg8 35. Rdg2 h5 36. Rxg5 Rxg5 37. Rxg5 cxd5 38. Rxh5+ Kg8 39. Qg4+ Qg7 40.
Qxg7+ Kxg7 41. Rxd5 Rc8 42. Bd3 Kf7 43. Bd4 Ke6 44. f4 Rg8 45. c5 Rc8 46. Bc4
Kd7 47. Bxf6 Bf8 48. e5 b5 49. Bb3 Rc6 50. e6+ Ke8 51. Bc2 Bh6 52. Bg6+ 1-0

[Event "Bayer. Damen ch 2008"]
[Site "Bad Neustadt /Saale"]
[Date "2008.09.06"]
[Round "9.4"]
[White "Lorenz, Oda"]
[Black "Neubacher, Doris"]
[Result "0-1"]
[WhiteElo "1905"]
[BlackElo "1838"]
[PlyCount "114"]
[EventDate "2008.??.??"]
[WhiteTeam "Schachges. Augsburg 1873"]
[BlackTeam "SC 1972 Himmelstadt e.V."]

1. e4 e5 2. Nf3 Nc6 3. Bb5 a6 4. Ba4 b5 5. Bb3 Bc5 6. O-O Nf6 7. d3 h6 8. c3
O-O 9. d4 exd4 10. cxd4 Bb6 11. e5 Ne8 12. Qd3 d5 13. Bc2 f5 14. a3 g5 15. h3
Qe7 16. Nc3 Be6 17. Bb3 Rd8 18. Be3 Qg7 19. Rad1 f4 20. Bc1 g4 21. hxg4 Qxg4
22. Ne2 Bf5 23. Qc3 Be4 24. Ne1 Bxg2 25. Nxg2 f3 26. Ng3 fxg2 27. Rfe1 Nxd4 28.
Rd3 Nxb3 29. Be3 Ba5 30. Qxb3 Bxe1 31. Bc5 Rf4 32. Rxd5 Rxd5 33. Qxd5+ Kh7 34.
e6 Rf6 35. e7 Qe6 36. Qd3+ Kg8 37. Qd1 Ba5 38. Qh5 Qf7 39. Qg4+ Rg6 40. Qe4 Bb6
41. Bxb6 cxb6 42. Nf5 Rf6 43. Qg4+ Kh7 44. Ne3 Qxe7 45. Qh4 Nc7 46. Qd4 Qd6 47.
Qe4+ Kg8 48. Qg4+ Kf7 49. Qh5+ Kf8 50. Qg4 Ne6 51. Qe4 Nf4 52. Qa8+ Ke7 53.
Qb7+ Qd7 54. Qe4+ Qe6 55. Qb7+ Kf8 56. Qh7 Nh3+ 57. Kxg2 Rxf2+ 0-1

[Event "Bayer. Damen ch 2008"]
[Site "Bad Neustadt /Saale"]
[Date "2008.09.06"]
[Round "9.5"]
[White "Weiss, Monika"]
[Black "Ludwig, Ines"]
[Result "1/2-1/2"]
[WhiteElo "1656"]
[BlackElo "1763"]
[PlyCount "39"]
[EventDate "2008.??.??"]
[WhiteTeam "SC Bavaria Regensb.1881"]
[BlackTeam "SC Mühlhof-Reichelsdorf e.V."]

1. e4 c5 2. c3 d5 3. exd5 Qxd5 4. Nf3 e5 5. Bb5+ Bd7 6. Bxd7+ Nxd7 7. O-O Bd6
8. Na3 a6 9. Qe2 Ne7 10. Nc4 O-O 11. Nxd6 Qxd6 12. d3 f5 13. Nh4 Ng6 14. Nxg6
Qxg6 15. f4 Rae8 16. Qc2 b5 17. fxe5 Nxe5 18. Bf4 Nc6 19. Rae1 Rxe1 20. Rxe1
1/2-1/2